LEADER 04451nam 2200733Ia 450 001 9910462015203321 005 20211120003006.0 010 $a3-11-090986-3 024 7 $a10.1515/9783110909869 035 $a(CKB)2670000000250748 035 $a(EBL)3041744 035 $a(SSID)ssj0000594733 035 $a(PQKBManifestationID)11353606 035 $a(PQKBTitleCode)TC0000594733 035 $a(PQKBWorkID)10549086 035 $a(PQKB)11673594 035 $a(MiAaPQ)EBC3041744 035 $a(WaSeSS)Ind00008989 035 $a(DE-B1597)56398 035 $a(OCoLC)979749263 035 $a(DE-B1597)9783110909869 035 $a(Au-PeEL)EBL3041744 035 $a(CaPaEBR)ebr10597420 035 $a(OCoLC)922944795 035 $a(EXLCZ)992670000000250748 100 $a20031023d2003 uy 0 101 0 $aeng 135 $aurnn#---|u||u 181 $ctxt 182 $cc 183 $acr 200 10$aAuch and noch in child and adult German$b[electronic resource] /$fby Ulrike Nederstigt 205 $aReprint 2011 210 $aBerlin ;$aNew York $cMouton de Gruyter$dc2003 215 $a1 online resource (420 p.) 225 0 $aStudies on Language Acquisition [SOLA] ;$v23 300 $aDescription based upon print version of record. 311 0 $a3-11-018044-8 320 $aIncludes bibliographical references (p. [387]-397) and indexes. 327 $tFront matter --$tAcknowledgements --$tContents --$tChapter 1: Introduction --$tChapter 2: Focus particles - A review of the literature --$tChapter 3: Auch and noch in spoken German - Aim, data and method of the study --$tChapter 4: Results --$tChapter 5: Conclusions and discussion --$tChapter 6: A fresh look at focus particles --$tChapter 7: Child language - Aim, data and method --$tChapter 8: Child language results --$tChapter 9: The acquisition of Auch and Noch --$tChapter 10: General conclusions and discussion --$tAppendices --$tNotes --$tReferences --$tSubject Index --$tAuthor Index 330 $a"Auch" and "noch" in Child and Adult German is an empirical study of the early acquisition of "auch" (also) and "noch" (also/still) in German, and the adult use of these additive particles in spoken language. It centres around the question of how children acquire these particles, but it also investigates the way in which adults use these particles in order to determine what children actually have to learn and what the input they get is like. Previous studies on focus particles in adult German mainly focused on the semantic and syntactic properties of primarily constructed examples. Based on several corpora of spoken German, this is the first comprehensive study of natural language data that systematically analyses the intonation of focus particle utterances as well as their semantic, syntactic and information structural properties. The study of the child data, an extensive longitudinal corpus of one German child, was carried out against the background of the adult data. It offers a thorough characterisation of the acquisition of the two additive particles that also takes into account results from previous studies on the acquisition of focus particles, mainly on their comprehension. In addition to studying the acquisition of these particles, the author also introduces an analysis of focus particles that emphasizes the differences between stressed and unstressed particles, which makes this book not only interesting to researchers in language acquisition and psycholinguistics, but also to those interested in phonology/prosody, semantics, syntax and information structure. 410 0$aStudies on Language Acquisition [SOLA] 606 $aAuch (The German word) 606 $aNoch (The German word) 606 $aGerman language$xParticles 606 $aGerman language$xSyntax 606 $aGerman language$xAcquisition 606 $aFocus (Linguistics) 608 $aElectronic books. 615 0$aAuch (The German word) 615 0$aNoch (The German word) 615 0$aGerman language$xParticles. 615 0$aGerman language$xSyntax. 615 0$aGerman language$xAcquisition. 615 0$aFocus (Linguistics) 676 $a435/.7 700 $aNederstigt$b Ulrike$f1968-$01024469 801 0$bMiAaPQ 801 1$bMiAaPQ 801 2$bMiAaPQ 906 $aBOOK 912 $a9910462015203321 996 $aAuch and noch in child and adult German$92434817 997 $aUNINA LEADER 01419nam0 22002771i 450 001 UON00407690 005 20231205104726.363 100 $a20120330d1980 |0itac50 ba 101 $apor$aMUL 102 $aPT 105 $a|||| 1|||| 200 1 $aˆO ‰léxico da simpatia$eestudos sobre o campo lexical da determinaçao substantiva de simpatia humana e social 1850-1900 e o respectivo contexto cultural$fTese de doutoramento de Mario Vilela 210 $aPorto$cInstituto Nacional de Investigação Científica$d1980 215 $a389 p.$d24 cm. 410 1$1001UON00317120$12001 $aTextos de linguística$1210 $aBraga$cInstituto Nacional de Investigaçöa Científica$v1 606 $aLINGUA PORTOGHESE$xSec. 19.$xLessico$3UONC081639$2FI 620 $aPT$dPorto$3UONL001524 676 $a413.028$cLESSICOGRAFIA$v21 700 1$aVILELA$bMário$3UONV114463$0550414 712 $aInstituto Nacional de Investigação Científica$3UONV266242$4650 801 $aIT$bSOL$c20240220$gRICA 912 $aUON00407690 950 $aSIBA - SISTEMA BIBLIOTECARIO DI ATENEO$dSI Port Ling II 0591 $eSI LO 40490 5 0591 950 $aSIBA - SISTEMA BIBLIOTECARIO DI ATENEO$dSI Port Ling II 0591 bis $eSI LO 21849 5 0591 bis 996 $aLéxico da simpatia$91345327 997 $aUNIOR